<?xml version="1.0" encoding="UTF-8"?><?xml-stylesheet type="text/xsl" href="static/style.xsl"?><OAI-PMH xmlns="http://www.openarchives.org/OAI/2.0/" xmlns:xsi="http://www.w3.org/2001/XMLSchema-instance" xsi:schemaLocation="http://www.openarchives.org/OAI/2.0/ http://www.openarchives.org/OAI/2.0/OAI-PMH.xsd"><responseDate>2026-04-14T19:33:10Z</responseDate><request verb="GetRecord" identifier="oai:uvadoc.uva.es:10324/110" metadataPrefix="marc">https://uvadoc.uva.es/oai/request</request><GetRecord><record><header><identifier>oai:uvadoc.uva.es:10324/110</identifier><datestamp>2021-06-23T16:36:15Z</datestamp><setSpec>com_10324_30605</setSpec><setSpec>com_10324_894</setSpec><setSpec>col_10324_41</setSpec></header><metadata><record xmlns="http://www.loc.gov/MARC21/slim" xmlns:doc="http://www.lyncode.com/xoai" xmlns:xsi="http://www.w3.org/2001/XMLSchema-instance" xmlns:dcterms="http://purl.org/dc/terms/" xsi:schemaLocation="http://www.loc.gov/MARC21/slim http://www.loc.gov/standards/marcxml/schema/MARC21slim.xsd">
<leader>00925njm 22002777a 4500</leader>
<datafield tag="042" ind1=" " ind2=" ">
<subfield code="a">dc</subfield>
</datafield>
<datafield tag="720" ind1=" " ind2=" ">
<subfield code="a">Cerezal Garrido, Luis Jorge</subfield>
<subfield code="e">author</subfield>
</datafield>
<datafield tag="260" ind1=" " ind2=" ">
<subfield code="c">2009</subfield>
</datafield>
<datafield tag="520" ind1=" " ind2=" ">
<subfield code="a">En un modelo experimental murino-lesión traqueal en rata wistar-se pretende comparar las alteraciones histopatológicas que provocan en la vía aérea cuatro grupos de sellantes-adhesivos: derivados de cianoacrilatos, fibrina, albúmina-glutaraldehido y polietilenglicol. Se constata una menor respuesta inflamatoria y cicatrizal en el grupo polietilenglicol, la respuesta es muy intensa en el grupo de cianoacrilatos, presentado una respuesta intermedia los especimenes tratados con fibrina y albúmina-glutaraldehido.</subfield>
</datafield>
<datafield tag="024" ind2=" " ind1="8">
<subfield code="a">http://uvadoc.uva.es/handle/10324/110</subfield>
</datafield>
<datafield tag="024" ind2=" " ind1="8">
<subfield code="a">b1552547</subfield>
</datafield>
<datafield tag="024" ind2=" " ind1="8">
<subfield code="a">10.35376/10324/110</subfield>
</datafield>
<datafield ind1=" " ind2=" " tag="653">
<subfield code="a">Tráquea-Cirugía</subfield>
</datafield>
<datafield ind1=" " ind2=" " tag="653">
<subfield code="a">Tráquea-Lesiones y heridas</subfield>
</datafield>
<datafield ind1=" " ind2=" " tag="653">
<subfield code="a">Histopatología</subfield>
</datafield>
<datafield ind1=" " ind2=" " tag="653">
<subfield code="a">Adhesivos</subfield>
</datafield>
<datafield tag="245" ind1="0" ind2="0">
<subfield code="a">Valoración histopatológica de la aplicación de sustancias sellantes en lesiones traqueales. Estudio experimental</subfield>
</datafield>
</record></metadata></record></GetRecord></OAI-PMH>